|
|
|
|
| LEADER |
00000nab a2200000 a 4500 |
| 001 |
vtls000655824 |
| 003 |
SK-MaSNL |
| 005 |
20260304083842.0 |
| 008 |
250425c1997 xo 0 slo |
| 015 |
|
|
|a SNBRA1998/03-06627
|
| 035 |
|
|
|a CLN000008016
|
| 035 |
|
|
|a urn:nbn:sk:snk-abais0
|
| 035 |
|
|
|a (urnnbn)urn:nbn:sk:snk:ar-007x4s
|
| 035 |
|
|
|a (uuid)1a6f1f8c-4d92-4d1c-88f4-fee8d29a3cc9
|
| 040 |
|
|
|a SNKBUCL
|b slo
|c SNKBUCL
|e AACR2
|
| 041 |
0 |
|
|a slo
|
| 044 |
|
|
|a xo
|c SK
|
| 080 |
|
|
|a 615.211.012
|2 1997
|
| 100 |
1 |
|
|a Čižmárik, Jozef,
|d 1943-
|4 aut
|9 106710
|
| 245 |
1 |
0 |
|a Štúdium lokálnych anestetík
|b príprava a aktivita N-alkyl derivátov heptakaínumchloridu : J. Čižmárik, D. Novosedlíková, P. Švec
|n CXXXI.
|
| 300 |
|
|
|b Obr., tab.
|
| 504 |
|
|
|a Res. angl., slov. Bibliogr. odkazy
|
| 650 |
0 |
7 |
|a heptakaínumchlorid
|2 snkbucl
|9 1375315
|
| 650 |
0 |
7 |
|a N-alkyl deriváty heptakaínumchloridu
|2 snkbucl
|9 1375316
|
| 650 |
0 |
7 |
|a lokálne anestetiká
|2 snkbucl
|9 2420
|
| 655 |
|
7 |
|a články z novín a časopisov
|2 snkbucl
|9 267496
|
| 700 |
1 |
|
|a Novosedlíková, D.
|4 aut
|9 1115729
|
| 700 |
1 |
|
|a Švec, Pavel,
|d 1940-2015
|4 aut
|9 178265
|
| 773 |
0 |
|
|t Česká a slovenská farmacie
|g Roč. 46, č. 6 (1997), s. 283-285
|x 1210-7816
|
| 850 |
|
|
|a Slovenská národná knižnica
|
| 852 |
|
|
|a Slovenská národná knižnica
|
| 954 |
|
|
|a odborná, vedecká literatúra pôvodná (slovenská)
|2 lita
|
| 958 |
|
|
|a article14
|
| 958 |
|
|
|a NB
|
| 958 |
|
|
|a OND
|
| 958 |
|
|
|a EUIPO
|
| 999 |
|
|
|c 2801466
|d 2803396
|